| 000 | 00373cam a22001097a 4500 | ||
|---|---|---|---|
| 008 | 180718b1962 xxu||||| |||| 00| 0 eng d | ||
| 082 | _aT2161x54 In2sc | ||
| 245 |
_aScrap committee report _cby Ministry of Steel and Heavy Industries, India |
||
| 260 |
_aNew Delhi _bDepartment of Iron and Steel _c1962 |
||
| 300 | _a34p. | ||
| 700 | _aIndia.Ministry of Steel and Heavy Industries | ||
| 999 |
_c497402 _d497402 |
||